| 000 | 00864nam0a22002891 4500 | ||
|---|---|---|---|
| 001 | RU\NLR\INFOCOMM15\ROSSICA\1000009447 | ||
| 005 | 20250613190921.0 | ||
| 035 | _a(NLR Aleph) 009921895 | ||
| 090 |
_a10671438 _c10671438 |
||
| 100 | _a20030717d1878 |||y0rusy50 ca | ||
| 101 | 0 | _afre | |
| 102 | _aRU | ||
| 105 | _ay ||||000ay | ||
| 200 | 1 |
_aSur la quantité de pluie et de neige qui tombe à Dolmatoff, gouvern. de Perm. d'après 14 années d'observations d'A.N. Zyrianoff _fG.-O. Clerc |
|
| 210 |
_aЕкатеринбургъ _d1878 |
||
| 215 | _d4° | ||
| 300 | _aFrançais et russe | ||
| 600 | 1 |
_aDolmatoff _bA. _2PSBO |
|
| 600 | 1 |
_aZyrianoff _bA.N. _2PSBO |
|
| 700 | 1 |
_aClerc _bG.O. _4070 |
|
| 801 | 1 |
_aRU _bInfoComm _c20030717 |
|
| 801 | 0 |
_aRU _bNLR _gPSBO |
|
| 852 |
_aNLR _j13.8.1.1155 |
||
| 942 | _cBOOK | ||
| 980 | _aNB | ||
| 980 | _aRossica | ||